000 01656nam a2200433 i 4500
001 768714001
003 CO-MdFUSB
005 20211028102614.0
007 ta
008 190529t2020 ck a|||g |||| 00| 0 spa d
020 _a9789585308534
040 _aCO-MdFUSB
_bspa
_cCO-MdFUSB
_dCO-MdFUSBC
_erda
041 _aspa
082 _223
_a261
_bF288e
100 1 _aHays, Christopher M.,
_d1983-
_eautor
240 _aEconomía.
245 0 3 _aEl profesional cristiano y la recuperación económica de las personas en situación de desplazamiento
_c/ Christopher M. Hays ; asesorado por: Jhohan Centeno
250 _asegunda edición
264 1 _aMedellín, Colombia :
_bPublicaciones SBC,
_c[2020]
264 4 _c©2020
300 _a95 páginas ;
_c28 cm ;
_bilustraciones
336 _2rdacontent
_atexto
_btxt
337 _2rdamedia
_asin mediación
_bn
338 _2rdacarrier
_avolumen
_bnc
490 1 _aFe y desplazamiento
505 _tLección 1:
_aLa misión integral de la iglesia y la vida económica
505 _tLección 2:
_aLa vocación profesional y la vocación cristiana
505 _tLección 3:
_aEl potencial y la participación de las personas en situación de desplazamiento
505 _tLección 4:
_aLa ética y las empresas cristianas
505 _tLección 5:
_aPosibilidades y proyecciones
563 _aRústico
650 0 _91177
_aIglesia y problemas sociales
653 _aDesplazamiento -- Cristianismo -- Colombia
700 _990
_aCenteno, Jhohan,
_easesor
830 _aFe y desplazamiento
_p: Economía
942 _cBK
945 _aJTF-925
999 _c66896
_d66896